[Event "27th CRO-chT 1A-Men 2018"]
[Site "Biograd"]
[Date "2018.09.12"]
[Round "4.1"]
[White "Ponkratov, Pavel"]
[Black "Movsesian, Sergei"]
[Result "1/2-1/2"]
[WhiteElo "2622"]
[BlackElo "2645"]
[Annotator "TA"]
[PlyCount "31"]
[EventDate "2018.09.08"]
[EventType "team-tourn"]
[EventCountry "CRO"]
[SourceTitle "playchess.com"]
[Source "ChessBase"]
[SourceQuality "1"]

{[%evp 24,31,0,0,0,2,15,4,14,10]} 1. d4 $146 Nf6 2. c4 e6 3. Nf3 d5 4. Nc3 Bb4 5. g3 O-O 6. Bg2 dxc4 7. a3 Be7 8. Ne5 Nc6 {A17: English Opening: 1...Nf6 with ...Bb4} 9. Bxc6 bxc6 10. Nxc6 Qe8 11. Nxe7+ Qxe7 12. Qa4 c5 13. Qxc4 {LiveBook: 13 Games. The position is equal.} cxd4 14. Qxd4 e5 15. Qh4 Qe6 16. O-O 1/2-1/2

[Event "27th CRO-chT 1A-Men 2018"]
[Site "Biograd"]
[Date "2018.09.12"]
[Round "4.2"]
[White "Nguyen, Thai Dai Van"]
[Black "Predke, Alexandr"]
[Result "1-0"]
[WhiteElo "2537"]
[BlackElo "2612"]
[Annotator "TA"]
[PlyCount "105"]
[EventDate "2018.09.08"]
[EventType "team-tourn"]
[EventCountry "CRO"]
[SourceTitle "playchess.com"]
[Source "ChessBase"]
[SourceQuality "1"]

{[%evp 21,105,0,9,10,8,12,19,19,51,53,55,61,51,61,59,44,43,45,37,44,65,31,33,33,39,41,111,104,90,88,113,102,83,88,90,46,53,47,50,52,57,59,52,34,91,24,29,47,34,8,257,154,254,254,254,254,254,238,254,254,214,214,214,206,5165,3843,29961,29966,29962,29966,29961,29962,29968,29970,29977,29978,29979,29980,29980,29981,29981,29980,29980,29981,29983,29984]} 1. Nf3 d5 2. d4 Nf6 3. c4 dxc4 4. e3 e6 5. Bxc4 c5 6. Nc3 a6 7. a4 Nc6 8. O-O Be7 9. d5 exd5 {D27: Queen's Gambit Accepted: Classical main line: 7 e4!? and 7 a4} 10. Nxd5 Nxd5 (10... O-O 11. Nxe7+ Qxe7 12. b3 Rd8 13. Qc2 Nb4 14. Qe2 Ne4 15. Bb2 Bg4 16. Rad1 Ng5 17. Rxd8+ Rxd8 18. Rd1 h6 {1-0 (44) Yanchenko,R (2436)-Andreikin,D (2712) chess.com INT 2018}) 11. Bxd5 Nb4 {LiveBook: 10 Games. The position is equal.} 12. Bc4 O-O 13. Bd2 {[#]} Nc6 $146 ({Predecessor:} 13... Bf6 14. Bxb4 cxb4 15. Nd4 Bd7 16. Qb3 Qe7 17. Rac1 {0-1 (47) Shushpanov,V (2375)-Ibragimov,I (2520) St Petersburg 1995}) 14. Bc3 Bg4 15. h3 Bh5 16. Qd5 Qxd5 17. Bxd5 Rfd8 18. Bxc6 bxc6 19. Ne5 Rac8 20. g4 $36 {[%mdl 2048] White is more active.} f6 21. Nxc6 Rxc6 22. gxh5 Rd5 23. h6 Rh5 (23... gxh6 $14 24. Rfd1 Rcd6 25. Rxd5 Rxd5) 24. hxg7 $16 Rxh3 25. Rfd1 Kxg7 26. Rd7 Kf7 27. Kg2 Rh5 28. Rh1 (28. Rb7 {looks sharper.} Ke6 29. Kf3 Bd6 30. Rg1 Be5 31. Bxe5 Kxe5 32. Rgg7) 28... Rxh1 29. Kxh1 $14 {[%mdl 4096] Endgame KRB-KRB} Ke6 30. Ra7 f5 31. Kg2 h5 32. Kh3 c4 (32... h4 $14) 33. a5 (33. Kg3 $16) 33... Bf6 $11 34. Bxf6 Kxf6 {KR-KR} 35. Kh4 Rd6 $2 (35... Ke5 $1 $11 {and Black has nothing to worry.}) 36. Kxh5 (36. f4 $18) 36... f4 (36... Ke5 $16) 37. Kg4 $1 $18 ({Less strong is} 37. exf4 Rd5+ 38. Kg4 Rxa5 $14) 37... fxe3 38. fxe3 Ke5 39. Re7+ Kf6 40. Rc7 Rd5 41. Rc6+ ({But not} 41. Rxc4 $6 Rxa5 42. Rf4+ Ke6 $16) 41... Ke5 42. Rxa6 Rb5 $2 {[#]} (42... Rd8 43. Rb6 Ke4 44. Re6+ Kd5) 43. Ra8 $1 Rxb2 {[#]} 44. a6 $1 {[%cal Ba5a6,Ba6a7][%mdl 32] White mates.} Rg2+ 45. Kf3 Rg7 46. a7 Re7 47. Ke2 Ke4 48. Kd2 c3+ 49. Kxc3 Kxe3 50. Kc4 Ke4 51. Kc5 Ke5 52. Kc6 Ke6 53. Kb6 {Precision: White = 66%, Black = 40%.} 1-0

[Event "27th CRO-chT 1A-Men 2018"]
[Site "Biograd"]
[Date "2018.09.11"]
[Round "4.3"]
[White "Martinovic, Sasa"]
[Black "Sertic, Rudolf"]
[Result "1/2-1/2"]
[WhiteElo "2567"]
[BlackElo "2366"]
[Annotator "TA"]
[PlyCount "101"]
[EventDate "2018.09.08"]
[EventType "team-tourn"]
[EventCountry "CRO"]
[SourceTitle "playchess.com"]
[Source "ChessBase"]
[SourceQuality "1"]

{[%evp 19,101,55,57,52,65,33,43,18,53,34,66,49,87,68,70,41,63,59,93,93,79,0,12,0,0,0,0,-61,-68,-83,0,0,0,0,0,0,0,0,60,0,0,-19,-19,-26,-23,-55,0,-102,0,-8,0,-98,0,0,0,0,0,0,0,0,0,0,0,-14,-14,-15,-17,-41,-72,-62,0,0,0,-197,-197,-199,-21,-16,-15,-15,-22,-22,-14,-10]} 1. d4 d5 2. c4 c6 3. Nf3 Nf6 4. e3 g6 5. Nc3 Bg7 6. cxd5 Nxd5 7. Be2 O-O 8. O-O Nxc3 9. bxc3 Nd7 10. e4 e5 {LiveBook: 10 Games. D94: Grünfeld: 4 Nf3 Bg7 5 e3} 11. Re1 exd4 12. cxd4 Re8 $146 {White is slightly better.} ({Predecessor:} 12... c5 13. Ba3 Re8 14. Bb5 cxd4 15. Qb3 Bf8 16. Rad1 Bxa3 17. Qxa3 Qb6 18. Rb1 Qf6 19. Rbc1 Rd8 20. e5 Qb6 21. e6 {1-0 (21) Petursson,M (2550)-Johannessen,S (2330) Oslo 1994}) 13. Bg5 Qa5 14. Bd2 Qc7 15. Qc2 Nf6 16. Bd3 Bg4 17. Ne5 Be6 18. h3 Rad8 19. Nf3 Qc8 20. Bg5 (20. Bf1 $16) 20... h6 21. Be3 Bxh3 22. gxh3 Qxh3 23. Qe2 (23. Nh2 $11) 23... Nxe4 $15 {aiming for ...Nc3.} 24. Nh2 $1 Bxd4 (24... Ng5 $17 25. Qc2 Bxd4) 25. Bxd4 $11 Rxd4 26. Bxe4 Rdxe4 27. Qxe4 Rxe4 28. Rxe4 Qa3 (28... Qf5 $11 29. Rae1 Qg5+ 30. Kf1 Qd5) 29. Re2 (29. Rd1 $1 $14) 29... c5 30. Rb1 b6 31. Rb3 Qc1+ 32. Kg2 c4 (32... Qg5+ $15 33. Kf1 c4) 33. Rbe3 (33. Re8+ $1 $11 {keeps the balance.} Kg7 34. Rbe3) 33... b5 ({Better is} 33... c3 $17 34. Nf3 b5) 34. Re5 b4 35. Nf3 (35. R2e4 $1 $11) 35... b3 (35... c3 $1 $17 36. R2e4 Qa3) 36. axb3 cxb3 {Strongly threatening ...b2.} 37. Rb5 Qc4 38. Rb8+ Kg7 (38... Kh7 $5 39. Re3 $8 Qg4+ 40. Kf1 Qc4+ 41. Kg2 Qg4+ 42. Kf1 Qc4+ 43. Kg2 $11) 39. Re3 Qg4+ 40. Kf1 Qc4+ 41. Ke1 {[#]} b2 $1 {[%mdl 512]} 42. Nd2 (42. Rxb2 Qc1+) 42... Qc6 43. Reb3 h5 {And now ...h4 would win.} 44. Rxb2 h4 (44... a5 $15 45. R2b6 Qc7) 45. R2b3 a5 46. Ke2 $2 {[#]} (46. Re3 $11 {and White has nothing to worry.}) 46... a4 $1 $19 {[%cal Ra4b3]} 47. Rd3 {[#]} Qa6 $2 (47... Qe6+ $1 $19 48. Re3 Qa6+ 49. Kd1 a3) 48. Rb4 $1 $11 {The position is equal.} a3 {Hoping for ...g5.} 49. Rxh4 a2 50. Nb3 a1=Q 51. Nxa1 {Precision: White = 52%, Black = 50%.} 1/2-1/2

[Event "27th CRO-chT 1A-Men 2018"]
[Site "Biograd"]
[Date "2018.09.12"]
[Round "4.4"]
[White "Biti, Ozren"]
[Black "Rogic, Davor"]
[Result "1-0"]
[WhiteElo "2366"]
[BlackElo "2519"]
[Annotator "TA"]
[PlyCount "75"]
[EventDate "2018.09.08"]
[EventType "team-tourn"]
[EventCountry "CRO"]
[SourceTitle "playchess.com"]
[Source "ChessBase"]
[SourceQuality "1"]

{[%evp 14,75,36,8,25,9,8,0,15,9,11,14,8,0,0,0,0,6,28,-33,-33,-48,-47,-81,-76,-73,-66,-75,-43,-49,-39,-48,-27,-47,-37,-40,-30,-34,0,0,33,25,13,18,62,68,79,0,0,0,0,-67,-53,-118,-116,-122,-129,-126,-106,-175,29996,-497,29997,29998]} 1. e4 e5 2. Nf3 Nc6 3. Bc4 Bc5 4. c3 Nf6 5. d3 d6 6. O-O O-O 7. a4 a5 8. h3 {LiveBook: 19 Partien. C54: Italienische Partie (Hauptvariante)} Ne7 9. Nbd2 {[%cal Bb1d2,Bd2f1,Bf1e3][%mdl 32]} Ng6 10. Re1 {Die Stellung ist ausgeglichen.} c6 11. Nf1 d5 $146 ({Vorgänger:} 11... h6 12. Ng3 d5 13. Ba2 dxe4 14. dxe4 Qb6 15. Qc2 Re8 16. Be3 Bxe3 17. Rxe3 Be6 18. Bxe6 {½-½ (18) Degraeve,J (2592)-Kryvoruchko,Y (2714) Chartres 2017}) 12. exd5 cxd5 13. Bb3 Bd6 14. Bg5 Be6 15. Ne3 {Droht Lxd5! und aus.} Be7 16. c4 (16. Nh4 $11) 16... d4 $15 17. Nd5 h6 $36 {[%mdl 2048] Schwarz kämpft um Vorteil.} 18. Nxe7+ Qxe7 19. Bd2 Nd7 20. Bc2 Qf6 21. b4 axb4 22. Rb1 $1 Rfc8 23. Rxb4 Nc5 24. Qe2 {[%cal Rf3e5]} Bf5 25. Nxe5 Nxe5 26. Qxe5 Qg6 27. Qxd4 {Te3 ist eine echte Drohung.} Bxh3 {[%csl Gh3][%cal Rg6g2]} 28. g3 Bf5 {[%cal Rc5d3]} 29. Re3 Ra6 {[%cal Ba8a6,Ba6d6,Bd6d7][%mdl 32]} 30. Bc3 (30. Re5 $1 $16 {[%cal Re5c5]} Rd6 31. Rd5) 30... Rd6 $11 31. Qh4 Nxd3 32. Bxd3 ({Günstiger ist} 32. Rb5 $11) 32... Bxd3 33. Be5 (33. a5 $15) 33... Rd7 $1 $17 34. c5 Rxc5 {Weiss muss nun ...Tc1+ beachten.} 35. Bb2 Qc6 36. Rg4 {[#]} (36. Rd4 $17 {war angesagt.} Bf5 37. Re8+ Kh7 38. Rxd7 Bxd7 39. Qd4) 36... Bg6 $4 {[%mdl 8192]} (36... f6 $1 $19 {[%mdl 512]} 37. Re1 {[#]} (37. Bxf6 Rc1+) 37... Be2 $1 {[%mdl 512]}) 37. Re8+ Kh7 {[#] Droht stark ...Td1+.} 38. Rh8+ $1 {[%mdl 512] Precision: Weiß = 68%, Schwarz = 55%.} 1-0

[Event "27th CRO-chT 1A-Men 2018"]
[Site "Biograd"]
[Date "2018.09.12"]
[Round "4.5"]
[White "Kovacevic, Vlatko"]
[Black "Medak, Bojan"]
[Result "1-0"]
[WhiteElo "2454"]
[BlackElo "2367"]
[Annotator "TA"]
[PlyCount "77"]
[EventDate "2018.09.08"]
[EventType "team-tourn"]
[EventCountry "CRO"]
[SourceTitle "playchess.com"]
[Source "ChessBase"]
[SourceQuality "1"]

{[%evp 11,77,45,33,14,58,31,44,35,52,47,45,33,33,34,41,34,42,42,44,27,40,41,51,43,37,50,53,25,47,42,62,54,94,86,114,86,71,100,172,171,169,163,207,192,193,200,197,182,275,274,295,299,275,164,237,239,230,213,231,230,286,295,369,372,391,390,390,377]} 1. d4 {[%cal Bd2d4,Bd4d5][%mdl 32]} d6 2. Nf3 g6 3. c4 Bg7 4. Nc3 Nc6 5. d5 Ne5 6. Nxe5 Bxe5 7. Bd2 {A41: 1 d4 d6: Tartakower System and Modern Defence} (7. g3 h5 8. Bg5 c5 9. dxc6 bxc6 10. Bg2 Bd7 11. O-O h4 12. Ne4 hxg3 13. hxg3 f6 14. Be3 f5 {½-½ (40) Onischuk,A (2672)-Nakamura,H (2787) Saint Louis 2018}) 7... Bg7 8. g3 e5 $146 ({Predecessor:} 8... h5 9. h3 Bd7 10. Bg2 Qc8 11. Qb3 Nf6 12. h4 O-O 13. Ne4 Nxe4 14. Bxe4 c5 15. a4 b6 {½-½ (15) Levin,F (2478)-David,A (2589) Bratto 2013}) 9. e4 {White is slightly better.} h5 10. h4 Bh6 11. Rc1 Bxd2+ 12. Qxd2 Nf6 13. Be2 O-O 14. f3 Kg7 15. Qe3 Qe7 16. Kd2 Bd7 17. Rcg1 a6 18. a4 {[%cal Ba2a4,Ba4a5][%mdl 32]} c6 19. a5 c5 20. Rb1 Qd8 21. b4 cxb4 22. Rxb4 Qxa5 {[#]} 23. Qb6 $1 {[%cal Rb6a5]} Qxb6 24. Rxb6 Ne8 (24... Rfb8 $16 {is a better defense.}) 25. Rxb7 $18 Bc8 26. Rb6 f5 27. Ra1 f4 28. gxf4 Rxf4 29. Ke3 Rf7 {[#]} (29... a5 $142 30. c5 dxc5) 30. c5 $1 {[%mdl 512]} dxc5 31. Na4 Rf6 32. Rab1 (32. Rxf6 $142 Nxf6 33. Nxc5) 32... a5 (32... Nd6 {was called for.} 33. Nxc5 a5) 33. Rb8 ({Don't play} 33. Nxc5 $6 Nd6) 33... Rxb8 34. Rxb8 Nd6 35. Nxc5 g5 36. hxg5 {[%cal Bh4g5,Bg5g6][%mdl 32]} Rf8 37. Rb6 {White is winning.} Nf7 38. g6 Nh8 39. d6 {Precision: White = 68%, Black = 38%.} 1-0

[Event "27th CRO-chT 1A-Men 2018"]
[Site "Biograd"]
[Date "2018.09.12"]
[Round "4.6"]
[White "Vargic, Drago"]
[Black "Muse, Mladen"]
[Result "1/2-1/2"]
[WhiteElo "2286"]
[BlackElo "2400"]
[Annotator "ChessBase"]
[PlyCount "82"]
[EventDate "2018.09.08"]
[EventType "team-tourn"]
[EventCountry "CRO"]
[SourceTitle "playchess.com"]
[Source "ChessBase"]
[SourceQuality "1"]
[TimeControl "40/5400+30:1800+30"]

1. e4 {[%emt 0:01:30]} g6 {[%emt 0:00:30]} 2. d4 {[%emt 0:00:30]} Bg7 {[%emt 0:00:00]} 3. Nc3 {[%emt 0:01:30]} d6 {[%emt 0:00:00]} 4. Nf3 {[%emt 0:02:30]} Nf6 {[%emt 0:06:30]} 5. Bf4 {[%emt 0:03:30]} O-O {[%emt 0:13:30]} 6. Qd2 {[%emt 0:01:30]} Nc6 {[%emt 0:06:30]} 7. O-O-O {[%emt 0:01:30]} Bg4 {[%emt 0:01:30]} 8. Be2 {[%emt 0:02:30]} Nd7 {[%emt 0:15:30]} 9. Bh6 {[%emt 0:11:30]} Bxf3 {[%emt 0:08:30]} 10. Bxf3 {[%emt 0:05:30]} e6 {[%emt 0:12:30]} 11. h4 {[%emt 0:04:30]} Bxd4 {[%emt 0:10:30]} 12. Bxf8 {[%emt 0:02:30]} Nxf8 {[%emt 0:02:22]} 13. Rdf1 {[%emt 0:01:30]} Bg7 {[%emt 0:07:16]} 14. g4 {[%emt 0:03:30]} Nd4 {[%emt 0:02:21]} 15. Bd1 {[%emt 0:02:30]} b5 {[%emt 0:01:36]} 16. f4 {[%emt 0:02:30]} b4 {[%emt 0:02:43]} 17. Ne2 {[%emt 0:00:30]} c5 {[%emt 0:00:32]} 18. Nxd4 {[%emt 0:01:30]} Bxd4 {[%emt 0:00:20]} 19. Rh3 {[%emt 0:03:30]} Bg7 {[%emt 0:01:35]} 20. g5 {[%emt 0:00:30]} c4 {[%emt 0:02:48]} 21. Qe2 {[%emt 0:05:30]} d5 {[%emt 0:01:38]} 22. f5 {[%emt 0:00:30]} exf5 {[%emt 0:00:18]} 23. exf5 {[%emt 0:01:30]} gxf5 {[%emt 0:00:30]} 24. Rxf5 {[%emt 0:00:30]} Ne6 {[%emt 0:00:26]} 25. Qf1 {[%emt 0:01:30]} Qd6 {[%emt 0:00:59]} 26. Bh5 {[%emt 0:00:30]} Nd4 {[%emt 0:01:25]} 27. Bxf7+ {[%emt 0:02:30]} Kh8 {[%emt 0:00:04]} 28. h5 {[%emt 0:01:30]} Nxf5 {[%emt 0:00:30]} 29. Qxf5 {[%emt 0:01:30]} Qe5 {[%emt 0:00:44]} 30. Qxe5 {[%emt 0:02:30]} Bxe5 {[%emt 0:00:04]} 31. c3 {[%emt 0:00:30]} bxc3 {[%emt 0:00:19]} 32. bxc3 {[%emt 0:00:30]} Bf4+ {[%emt 0:00:10]} 33. Kc2 {[%emt 0:00:00]} Bxg5 {[%emt 0:00:37]} 34. Bxd5 {[%emt 0:00:00]} Rc8 {[%emt 0:00:40]} 35. Rg3 {[%emt 0:01:30]} h6 {[%emt 0:00:23]} 36. Rg4 {[%emt 0:00:00]} Rc5 {[%emt 0:00:17]} 37. Bxc4 {[%emt 0:03:00]} Bf6 {[%emt 0:00:22]} 38. Rg8+ {[%emt 0:05:30]} Kh7 {[%emt 0:00:37]} 39. Rg6 {[%emt 0:00:00]} Bg7 {[%emt 0:00:34]} 40. Bd3 {[%emt 0:00:00]} Kg8 {[%emt 0:00:00]} 41. c4 {[%emt 0:13:30]} Rxh5 {[%emt 0:02:50]} 1/2-1/2

[Event "27th CRO-chT 1A-Men 2018"]
[Site "Biograd"]
[Date "2018.09.12"]
[Round "4.7"]
[White "Postny, Evgeny"]
[Black "Malakhov, Vladimir"]
[Result "1/2-1/2"]
[WhiteElo "2621"]
[BlackElo "2666"]
[Annotator "TA"]
[PlyCount "69"]
[EventDate "2018.09.08"]
[EventType "team-tourn"]
[EventCountry "CRO"]
[SourceTitle "playchess.com"]
[Source "ChessBase"]
[SourceQuality "1"]

{[%evp 12,69,35,33,27,34,26,37,26,31,19,25,31,39,30,37,29,37,37,37,37,38,38,34,37,37,52,37,37,37,37,37,37,37,36,37,37,30,31,28,34,28,37,33,37,27,44,15,34,0,0,0,0,0,0,0,0,0,0,0]} 1. d4 d5 2. c4 c6 3. Nf3 Nf6 4. Nc3 a6 5. c5 Nbd7 6. Bf4 Nh5 7. Bd2 Nhf6 {D15: Slav Defence: 4 Nc3 a6 and gambit lines after 4 Nc3 dxc4} 8. Qc2 (8. Rc1 g6 9. g3 Bg7 10. Bg2 O-O 11. O-O Re8 12. Na4 Ra7 13. Re1 Ne4 14. Bf4 Nf8 15. Nd2 Nxd2 16. Qxd2 {1-0 (48) Korobov,A (2664)-McShane,L (2647) Batumi 2018}) 8... g6 9. g3 Bg7 {White is slightly better.} 10. Bg2 O-O 11. O-O b6 12. cxb6 Nxb6 13. Ne5 Bf5 14. e4 dxe4 15. Nxc6 Qd7 $146 16. Nxe4 Nxe4 17. Bxe4 Rfc8 {[#] Strongly threatening ...Bxe4.} 18. Rac1 {Threatens to win with Bxf5.} e6 19. Bxf5 gxf5 20. Ba5 Nd5 21. Qa4 Bxd4 22. Qxd4 {[#] Bc3 is the strong threat.} Rxc6 23. Rxc6 Qxc6 24. Bd2 f6 25. Rc1 Qb7 26. Qc5 Kf7 27. b3 Rd8 28. Ba5 Rg8 29. Qc6 (29. Qc4 {is more complex.} h5 30. Be1 Qb5 31. Qxb5 axb5 32. a4) 29... Qb5 30. Qxb5 (30. Bd2 {seems wilder.} h5 31. Qxb5 axb5 32. a4 bxa4 33. bxa4 h4 34. Kf1) 30... axb5 {The position is equal.} 31. Rc5 b4 32. Rb5 Ra8 33. Bxb4 Nxb4 34. Rxb4 Rxa2 35. Kf1 {Precision: White = 85%, Black = 86%.} 1/2-1/2

[Event "27th CRO-chT 1A-Men 2018"]
[Site "Biograd"]
[Date "2018.09.12"]
[Round "4.8"]
[White "Korobov, Anton"]
[Black "Pikula, Dejan"]
[Result "1-0"]
[WhiteElo "2685"]
[BlackElo "2469"]
[Annotator "TA"]
[PlyCount "63"]
[EventDate "2018.09.08"]
[EventType "team-tourn"]
[EventCountry "CRO"]
[SourceTitle "playchess.com"]
[Source "ChessBase"]
[SourceQuality "1"]

{[%evp 24,63,0,0,0,0,0,0,45,0,0,-16,0,-40,29,28,25,33,58,16,143,150,176,155,150,151,1223,1184,981,345,336,304,322,313,482,576,12841,12842,12839,12839,12836,12836]} 1. d4 Nf6 2. c4 e6 3. Nc3 Bb4 4. Qc2 O-O 5. Nf3 d5 6. a3 Bxc3+ 7. Qxc3 dxc4 8. Qxc4 b6 9. Bg5 {E36: Nimzo-Indian: Classical: 4...d5 5 a3} Ba6 10. Qc2 (10. Qa4 Qd7 11. Qc2 c5 12. Bxf6 gxf6 13. Rd1 Qe7 14. g3 Bb7 15. Bg2 Rd8 16. O-O Nd7 {½-½ (30) Mamedyarov,S (2808)-Caruana,F (2816) Paris 2018}) 10... h6 11. Bh4 Nbd7 12. e4 Bxf1 13. Rxf1 {LiveBook: 4 Games} Qc8 14. Qc6 Rb8 15. Rc1 $146 ({Predecessor:} 15. Ne5 g5 16. Bg3 Qb7 17. Qxb7 Rxb7 {½-½ (28) Nezad,H (2394)-Batchuluun,T (2422) Khanty-Mansiysk 2010}) 15... Qb7 16. Ke2 Qa6+ 17. Kd2 Rfd8 {Threatens to win with ...Nc5.} 18. Rfe1 Rbc8 ({Avoid the trap} 18... Nc5 $2 19. Rxc5 g5 20. Bg3 $18) (18... g5 $15 19. Bg3 Rbc8) 19. e5 $11 g5 $1 {Strongly threatening ...Nd5.} 20. exf6 gxh4 21. Rxe6 {[#] And now Re7 would win.} fxe6 (21... Qa5+ $1 $11 22. Rc3 Qf5) 22. Qxe6+ $16 Kh8 {White must now prevent ...Qa5+.} 23. Qe7 {[%csl Gf6][%cal Re7g7]} Rg8 24. Qxd7 $40 {[%mdl 128] Ne5 is the strong threat. White goes for the king.} Rxg2 $2 (24... Qa5+ $16 25. Rc3 Rcd8 26. Qxc7 Qf5) 25. Ke3 $18 c5 26. Ne5 $2 (26. Nxh4 Rb8 27. Nxg2) 26... Rf8 {intending ...Qc8.} ({Much weaker is} 26... cxd4+ 27. Ke4 $18) 27. Nf7+ (27. dxc5 bxc5 28. Nf7+ Kg8 $16) 27... Rxf7 28. Qxf7 Qc8 (28... Qa4 $142 29. dxc5 Rg4 30. Qf8+ Kh7 31. Qf7+ Kh8 32. Qf8+ Kh7 33. Qf7+ Kh8) 29. dxc5 {White is clearly winning.} Qh3+ 30. f3 {[#] Threatening mate with Qe8+.} Qxh2 31. Qe8+ Kh7 32. f7 {Precision: White = 44%, Black = 37%.} 1-0

[Event "27th CRO-chT 1A-Men 2018"]
[Site "Biograd"]
[Date "2018.09.12"]
[Round "4.9"]
[White "Jovanovic, Zoran"]
[Black "Stevic, Hrvoje"]
[Result "1/2-1/2"]
[WhiteElo "2540"]
[BlackElo "2579"]
[Annotator "TA"]
[PlyCount "23"]
[EventDate "2018.09.08"]
[EventType "team-tourn"]
[EventCountry "CRO"]
[SourceTitle "playchess.com"]
[Source "ChessBase"]
[SourceQuality "1"]

{[%evp 19,20,0,31]} 1. e4 Nc6 2. Nc3 e5 3. Nf3 Nf6 4. Bb5 Bb4 5. O-O O-O 6. d3 Bxc3 7. bxc3 d6 8. Bxc6 bxc6 9. h3 h6 {C49: Four Knights: 4 Bb5 Bb4} (9... Nd7 10. d4 Ba6 11. Re1 Re8 12. dxe5 Nxe5 13. Nxe5 Rxe5 14. Bf4 Re6 15. e5 Rg6 16. Qf3 Qd7 17. Bg3 {½-½ (40) Zakhartsov,V (2453)-Kamsky,G (2666) Moscow 2017}) 10. c4 c5 {LiveBook: 3 Games} {Predecessor:} 11. Be3 $146 Be6 12. Nd2 {½-½ (12) Shanava,K (2563)-Jojua,D (2548) Tbilisi 2013} 1/2-1/2

[Event "27th CRO-chT 1A-Men 2018"]
[Site "Biograd"]
[Date "2018.09.11"]
[Round "4.10"]
[White "Kozul, Zdenko"]
[Black "Bukal, Vladimir Jr"]
[Result "1-0"]
[WhiteElo "2600"]
[BlackElo "2380"]
[Annotator "TA"]
[PlyCount "109"]
[EventDate "2018.09.08"]
[EventType "team-tourn"]
[EventCountry "CRO"]
[SourceTitle "playchess.com"]
[Source "ChessBase"]
[SourceQuality "1"]

{[%evp 14,109,33,17,37,35,56,46,50,25,18,10,38,33,52,33,60,-39,29,33,26,32,79,76,81,92,107,116,108,94,87,75,69,22,22,22,22,22,22,32,19,18,22,0,0,-5,-5,-5,-5,-7,-7,-4,-6,-7,-7,-56,0,0,0,-11,0,0,0,0,0,-78,0,0,22,27,32,31,41,44,34,34,34,46,109,104,97,97,108,104,104,92,335,335,323,316,255,144,1023,1007,840,822,2112,1962]} 1. d4 e6 2. c4 f5 3. g3 Nf6 4. Bg2 d5 5. Nh3 Bd6 6. O-O {A90: Dutch Defence: Miscellaneous and Modern Stonewall (with ...Bd6)} O-O 7. Qc2 (7. Bf4 Be7 8. Nd2 Nc6 9. Nf3 dxc4 10. Rc1 Ne4 11. Be3 Nb4 12. Rxc4 b5 13. Rxb4 Bxb4 {½-½ (53) Korobov,A (2652)-Grischuk,A (2772) Huaian 2017}) 7... Nc6 8. Rd1 {LiveBook: 5 Games. White is slightly better.} Nb4 9. Qb3 {[#] aiming for c5.} dxc4 $146 ({Predecessor:} 9... a5 10. a3 a4 11. Qc3 Nc6 12. Bg5 Be7 13. Qc2 {0-1 (63) Stefansson,H (2530)-Bukal,V (2398) Pardubice 2017}) 10. Qxc4 Nbd5 11. Nd2 Qe8 12. Qc2 Qh5 13. Nc4 Bd7 14. f3 Nb6 15. Na5 (15. Nxd6 $14 cxd6 16. Qc7) 15... Rab8 (15... f4 $1 $15 16. Nxb7 fxg3 17. hxg3 Bxg3) 16. Nf4 $11 Qe8 17. Nd3 e5 18. dxe5 Bxe5 19. Nc5 Ba4 20. Nxa4 Qxa4 21. Qxa4 Nxa4 22. Nc4 Rfe8 23. Bf1 Nb6 24. Nxe5 Rxe5 25. Bf4 Re7 26. Bg5 Kf7 27. Rac1 h6 28. Bxf6 Kxf6 29. Rc5 Rbe8 30. Rd4 c6 31. Ra5 a6 32. g4 fxg4 33. Rxg4 Rd8 34. e4 Rd2 ({Black should try} 34... g6 $15) 35. Rf5+ Ke6 36. Rg2 Rxg2+ 37. Kxg2 {[%mdl 4096] Endgame KRB-KRN} Rd7 38. Kg3 Rd2 39. a4 (39. b3 $11) 39... Nxa4 (39... g6 $17 40. Rf8 Rxb2) 40. Bc4+ Kd6 41. e5+ {[%cal Be4e5,Be5e6][%mdl 32]} Kc5 42. e6+ $1 Kd6 $1 (42... Kxc4 $2 43. Rf4+ Kb3 44. e7 $18) 43. Rf8 $1 {[%cal Rf8d8]} Ke7 ({Avoid the trap} 43... Rxb2 $2 44. Rd8+ Ke7 45. Rd7+ Kf8 46. Bd3 $18) 44. Rf7+ Ke8 $1 45. Rxb7 Nxb2 ({Black should play} 45... Rxb2 $14 46. Rc7 (46. Rxg7 Nc5 $14) (46. Bxa6 Rxb7 47. Bxb7 Ke7 $11) 46... Nc3) 46. Bxa6 $16 g5 {[#]} 47. Rh7 $1 Rd6 48. Rxh6 Ke7 49. Bc8 Nd3 $2 (49... Rd5 $16 {was called for.} 50. Rh7+ Kf6) 50. Rh7+ $18 Ke8 51. Kg4 Rd5 52. h4 (52. Rg7 $18) 52... Ne5+ $2 {[%mdl 8192]} (52... gxh4 $16 53. Kxh4 Re5) 53. Kxg5 {Hoping for Kf6.White is clearly winning.} Nd7+ 54. Kf4 {[%cal Rc8d7]} Nf6 55. Rf7 {Precision: White = 66%, Black = 47%.} 1-0

[Event "27th CRO-chT 1A-Men 2018"]
[Site "Biograd"]
[Date "2018.09.11"]
[Round "4.11"]
[White "Dutina, Dario"]
[Black "Jankovic, Alojzije"]
[Result "1/2-1/2"]
[WhiteElo "2245"]
[BlackElo "2558"]
[Annotator "TA"]
[PlyCount "38"]
[EventDate "2018.09.08"]
[EventType "team-tourn"]
[EventCountry "CRO"]
[SourceTitle "playchess.com"]
[Source "ChessBase"]
[SourceQuality "1"]

{[%evp 16,38,-11,-20,-6,-37,0,1,25,0,0,-2,0,10,50,53,41,21,18,31,29,37,34,43,82]} 1. e4 c5 2. Nf3 {[%cal Bg1f3,Bf3d4,Bd4b5][%mdl 32]} e6 3. d4 cxd4 4. Nxd4 Nc6 5. Nc3 Qc7 6. Ndb5 Qb8 7. a4 Nf6 8. g3 {B47: Sizilianisch (Paulsen/Taimanow-Variante)} a6 9. Na3 {[#] LiveBook: 6 Partien} d5 $146 {[%mdl 512]} ({Vorgänger:} 9... d6 10. Bg2 Be7 11. Nc4 Qc7 12. Be3 O-O 13. O-O Nd7 14. a5 Nce5 15. Nxe5 Nxe5 {1-0 (94) Sychev,K (2498)-Geller,J (2526) Moscow 2017}) 10. exd5 {Die Stellung ist ausgeglichen.} Qe5+ 11. Qe2 exd5 12. Bg2 Qxe2+ 13. Nxe2 Bf5 14. Bg5 Bc5 15. Bxf6 gxf6 16. O-O O-O-O 17. Nf4 Be4 18. Rfd1 Ne5 19. Nd3 Bxd3 1/2-1/2